| 000 | 01206nam a2200373 a 4500 | ||
|---|---|---|---|
| 001 | 000110089 | ||
| 003 | CHAP | ||
| 005 | 20240524114355.0 | ||
| 008 | 140722s2013 it adj |r| ||||||eng d | ||
| 010 | _a106551 | ||
| 011 | _a107523 | ||
| 020 | _a9789251079799 | ||
| 040 | _cCHAP | ||
| 082 | 0 | 4 |
_a639.2 _bF3y v.583 |
| 245 | 1 | 0 |
_aOn-farm feeding and feed management in aquaculture / _ceditadom por por Mohammad R. Hasan y Michael B. New. |
| 260 |
_aRoma : _bFAO, _c2013. |
||
| 300 |
_ax, 67 p. _e; + 1 CD (4 3/4 plgs.) |
||
| 490 | 1 |
_aDocumento técnico de pesca _v; 583 |
|
| 500 | _aConsulta del CD en: www.ceres.chapingo.mx ( Material complementario del libro impreso ) | ||
| 590 |
_aE11695DGD _b10 _c20140725 |
||
| 590 |
_aE5995AHE _b05 _c20140722 |
||
| 590 |
_aE5995AHE _b05 _c20140722 |
||
| 590 |
_aE5995AHE _b05 _c20140722 |
||
| 650 | 1 | 4 |
_aAcuicultura _xAsia _9759 |
| 650 | 1 | 4 |
_aAcuicultura _zAfrica. _9782 |
| 650 | 1 | 4 |
_aPeces de agua dulce. _986461 |
| 650 | 1 | 4 |
_aPeces _xAlimentación. _986442 |
| 700 | 0 |
_aNew, Michael B. _981052 |
|
| 700 | 1 |
_aHasan, Mohammad R. _953015 |
|
| 830 | 0 | 0 |
_aDocumento técnico de pesca _v; 583 _933242 |
| 901 | _aBK | ||
| 942 |
_cLIBRO _2ddc |
||
| 942 |
_n0 _2ddc |
||
| 999 |
_c106551 _d106551 |
||